| 000 | 00432nam a2200133Ia 4500 | ||
|---|---|---|---|
| 008 | 191111s9999 xx 000 0 und d | ||
| 020 | _a9781107102743 | ||
| 100 | _aKnee, Raymond C. | ||
| 245 |
_cRaymond C. Knee.-- _aPositive approaches to optimal relationship development / |
||
| 260 |
_aUK : _bCambridge University Press _c2016 |
||
| 300 | _axiii, 351 pages. | ||
| 650 | _aAttachement behavior | ||
| 650 | _aInterpersonal relations | ||
| 999 |
_c362675 _d362675 |
||